Oxford textbook of psychotherapy / (Record no. 20905)
[ view plain ]
| 000 -LEADER | |
|---|---|
| fixed length control field | 01093cam a22003255a 4500 |
| 001 - CONTROL NUMBER | |
| control field | 013645141 |
| 003 - CONTROL NUMBER IDENTIFIER | |
| control field | OSt |
| 005 - DATE AND TIME OF LATEST TRANSACTION | |
| control field | 20151015083102.0 |
| 008 - FIXED-LENGTH DATA ELEMENTS--GENERAL INFORMATION | |
| fixed length control field | 070115r2007 enk b f001 0 eng d |
| 020 ## - INTERNATIONAL STANDARD BOOK NUMBER | |
| International Standard Book Number | 9780198520658 (pbk.) |
| 020 ## - INTERNATIONAL STANDARD BOOK NUMBER | |
| International Standard Book Number | 0198520654 (pbk.) |
| 040 ## - CATALOGING SOURCE | |
| Original cataloging agency | StDuBDS |
| Language of cataloging | eng |
| Transcribing agency | StDuBDS |
| Modifying agency | EG-ScBUE |
| 082 04 - DEWEY DECIMAL CLASSIFICATION NUMBER | |
| Classification number | 616.8914 |
| Item number | OXF |
| Edition number | 22 |
| 245 00 - TITLE STATEMENT | |
| Title | Oxford textbook of psychotherapy / |
| Statement of responsibility, etc | edited by Glen O. Gabbard, Judith S. Beck and Jeremy Holmes. |
| 246 30 - VARYING FORM OF TITLE | |
| Title proper/short title | Textbook of psychotherapy |
| 260 ## - PUBLICATION, DISTRIBUTION, ETC. (IMPRINT) | |
| Place of publication, distribution, etc | Oxford ; |
| -- | New York : |
| Name of publisher, distributor, etc | Oxford University Press, |
| Date of publication, distribution, etc | 2007. |
| 300 ## - PHYSICAL DESCRIPTION | |
| Extent | ix, 534 p. : |
| Other physical details | ill. ; |
| Dimensions | 28 cm. |
| 500 ## - GENERAL NOTE | |
| General note | Originally published : 2005. |
| 500 ## - GENERAL NOTE | |
| General note | Commended in the 2006 BMA medical book competition. |
| 500 ## - GENERAL NOTE | |
| General note | Index : p. 523-534. |
| 504 ## - BIBLIOGRAPHY, ETC. NOTE | |
| Bibliography, etc | Includes bibliographical references. |
| 650 #0 - SUBJECT ADDED ENTRY--TOPICAL TERM | |
| Topical term or geographic name as entry element | Psychotherapy |
| Form subdivision | Textbooks. |
| Source of heading or term | BUEsh |
| 651 ## - SUBJECT ADDED ENTRY--GEOGRAPHIC NAME | |
| Source of heading or term | BUEsh |
| 653 ## - INDEX TERM--UNCONTROLLED | |
| Resource For college | Pharmacy |
| Arrived date list | October2015 |
| 655 ## - INDEX TERM--GENRE/FORM | |
| Form subdivision | Text book |
| -- | 33728 |
| 700 1# - ADDED ENTRY--PERSONAL NAME | |
| Personal name | Gabbard, Glen O., |
| Relator term | editor. |
| 700 1# - ADDED ENTRY--PERSONAL NAME | |
| Personal name | Beck, Judith S., |
| Relator term | editor. |
| 700 1# - ADDED ENTRY--PERSONAL NAME | |
| Personal name | Holmes, Jeremy, |
| Dates associated with a name | 1943-, |
| Relator term | editor. |
| 942 ## - ADDED ENTRY ELEMENTS (KOHA) | |
| Source of classification or shelving scheme | Dewey Decimal Classification |
| Withdrawn status | Item status | Source of classification or shelving scheme | Damaged status | Not for loan | Vendor | Home library | Current library | Shelving location | Date acquired | Source of acquisition | Total Checkouts | Full call number | Barcode | Date last seen | Koha item type | Total Renewals | Date last borrowed |
|---|---|---|---|---|---|---|---|---|---|---|---|---|---|---|---|---|---|
| Dewey Decimal Classification | Baccah | Central Library | Central Library | First floor | 13/10/2015 | Purchase | 616.8914 OXF | 000039902 | 15/07/2025 | NB - Book (Non borrowing) | |||||||
| Dewey Decimal Classification | Baccah | Central Library | Central Library | First floor | 13/10/2015 | Purchase | 6 | 616.8914 OXF | 000039903 | 15/07/2025 | Book - Borrowing | 15 | 19/12/2021 | ||||
| Dewey Decimal Classification | Baccah | Central Library | Central Library | First floor | 13/10/2015 | Purchase | 1 | 616.8914 OXF | 000039904 | 15/07/2025 | Book - Borrowing | 1 | 27/09/2016 | ||||
| Dewey Decimal Classification | Baccah | Central Library | Central Library | First floor | 13/10/2015 | Purchase | 1 | 616.8914 OXF | 000039905 | 15/07/2025 | Book - Borrowing | 26/11/2015 |